000 00817cab a2200241 4500
001 A535
008 090401t1994 xxu||||| |||| 00| 0 eng d
035 _a(Sirsi) u29741
041 _aeng
100 _aGoodchild, S.
245 _aRoy Swanston: taking the chair
260 _c1994
350 _a0
490 _aProperty Week
_v47(12) 23 June 1994, 22-24(2)
520 _aProfile of Roy Swanston as he takes office as RICS president for 1994-95. Looks at the challenges of his year. Also looks at the role of chartered surveyors in the public sector and individuals` work for the RICS.
650 _aABOUT RICS-RICS MEMBERS
650 _aPUBLIC SECTOR
650 _aRICS
650 _aROY SWANSTON
690 _aMANAGEMENT-BUSINESS MANAGEMENT-PROFESSIONAL PRACTICE
942 _n0
948 _c04/03/1997
999 _c20001
_d20001